| 000 | 00913nam a2200229Ia 4500 | ||
|---|---|---|---|
| 001 | 17708 | ||
| 003 | GE_BSU | ||
| 008 | 181216s||||||||xx |||||||||||||| ||und|| | ||
| 020 | _a9789941455278 | ||
| 040 | _cGE_BSU | ||
| 080 | _a582.3/.99+63 | ||
| 100 | _aქობალია,ვ. | ||
| 245 | _aმცენარეთა ოზოლირებული უჯრედებისა და ქსოვილების კულტურა | ||
| 245 | _cრედ.რამაზ კილაძე | ||
| 260 | _aქუთაისი | ||
| 260 | _bაკაკი წერეთლის სახ. უნ-ტი | ||
| 260 | _c2015 | ||
| 300 | _a210გვ.21სმ. ილ. | ||
| 300 | _eბიბლ.გვ.207 | ||
| 653 | _aმცენარეთა ოზოლირებული უჯრედებისა და ქსოვილების კულტურა | ||
| 942 | _cBK | ||
| 999 |
_c50756 _d50756 |
||